| 000 | 00327nam a2200109Ia 4500 | ||
|---|---|---|---|
| 008 | 220204s9999 xx 000 0 und d | ||
| 082 |
_a635.91.075 _bSHO |
||
| 100 | _aSHOSTECK, Robert | ||
| 245 | 0 | _aFlowers and plants: An international lexicon with biographical notes | |
| 260 |
_aUSA _bNewYork Times book Inc _c1974 |
||
| 942 | _cBK | ||
| 999 |
_c23802 _d23802 |
||